Mobs Quiz - Minecraft - Statistics

General Stats
  • This quiz has been taken 40 times
  • The average score is 27 of 36
Answer Stats
Hint Answer % Correct
Fly's in caves. Very annoying and can sometimes practically give you a heart attack if it swoops on you when you are mining. Bat
100%
You need this mob to make arrows. Chicken
96%
8 legs and one of the 5 main mobs that come out at night. Spider
96%
Only found in Abandoned Mineshafts. Poisons upon contact. Cave Spider
93%
Hates you looking at it's face (Probably 'cause of it's ugly purplish eyes....) Enderman
89%
Pink Passive mob. Pig
89%
Has a 0.164 chance of being pink. Sheep
89%
BOOM! The unofficial mascot of Minecraft!!! Creeper
86%
CRAFTED mob that protects villages. Iron Golem
86%
Cheap-trading emerald hoarders. Villager
86%
You need this mob to make cakes. Cow
82%
Cute, cuddly, and it's foot is lucky. Rabbit
82%
Yellow Nether Fortress spawning annoying flying fireball-blasting creature. Blaze
79%
CRAFTED mob that chucks snow everywhere. Snow Golem
79%
The undead sniper who's shot is always horrible. Skeleton
75%
Combination of the bow-sniper and the arachnid. Spider Jockey
75%
Only mob not counting Guardians or Elder Guardians, that lives in water. Squid
75%
Half pig that shares a trait with wolves of being unnecessarily defensive. Zombie Pigman
75%
Boss hidden in Water Temples. Elder Guardian
68%
Pesky relative of the silverfish that has that annoying habit of spawning where the enderpearl lands. Endermite
68%
Green and orange things that have lasers and lives with ^^^ Guardian
68%
Slime's cousin cousin that prefers the Nether. Magma Cube
68%
Creeper's worst nightmare. Ocelot
68%
THE BIG BAD BOSS THAT IS THE KEY TO WINNING MINECRAFT!!!! Ender Dragon
64%
Third cousin twice removed from ^ looks like it has a skin disease. Mooshroom
64%
Potion Master. Available potions: Poison, Weakness, Harming, and Slowness. Witch
64%
More lives than the dragon. Wither
64%
A need-to-kill for summoning the Wither. Wither Skeleton
64%
A nice friend to have when you get lonely. You do need bones, however. Wolf
64%
A rare, feared combination of that pesky annoying super fast and tiny zombie and everyone's favorite tiny chicken. Chicken Jockey
61%
New mob that freakily levitates you pretending to be a purpur block. Shulker
61%
Guards the gateway to the dragon. Silverfish
61%
Green cute bouncing blocks of green Jell-O. Slime
61%
Everyone's favorite giant flying octopus. Ghast
57%
Chuck a saddle on him! Horse
57%
A villager turns into one during a Zombie Siege. Zombie Villager
54%
No matching quizzes found
Score Distribution
Percent of People with Each Score
Percentile by Number Answered
Your Score History
You have not taken this quiz